000 00502nam a2200169Ia 4500
003 SGT
020 _a9788183331630
082 _a5.133
_bKAN
100 _aKanetkar,Yashavant
245 _aLet uc C
250 _a9th Ed.
260 _bBPB Publications
_aNew Delhi
_c2010
300 _a758p.
650 _aCOMPUTER SCIENCE
653 _aGETTING STARTED, THE DECISION CONTROL STRUCTURE , THE LOOP CONTROL STRUCTURE, FUNCTIONS & POINTERS, DATA TYPES REVISITED , THE C PREPROCESSOR
942 _2ddc
_cBK
_076
999 _c4959
_d4959